Prácticas de contabilidad mercantil : (Record no. 164491)

MARC details
000 -LEADER
campo de control de longitud fija 00832nam a22001695i 4500
001 - NÚMERO DE CONTROL
campo de control 164491
003 - IDENTIFICADOR DE NÚMERO DE CONTROL
campo de control ES-MaACL
005 - FECHA Y HORA DE LA ÚLTIMA TRANSACCIÓN
campo de control 20230906212940.0
008 - DATOS DE LONGITUD FIJA--INFORMACIÓN GENERAL
campo de control de longitud fija 050729s1867 sp | |||||||| ||spa d
080 ## - NÚMERO DE LA CLASIFICACIÓN DECIMAL UNIVERSAL
Número de la Clasificación Decimal Universal 657.12(076.1)
100 1# - ENTRADA PRINCIPAL--NOMBRE DE PERSONA
Nombre de persona Salvador y Aznar, Felipe.
9 (RLIN) 132349
245 10 - MENCIÓN DEL TÍTULO
Título Prácticas de contabilidad mercantil :
Resto del título o sea, colección de problemas de operaciones de comercio en borrador para su redacción en el diario y libro mayor, con arreglo a las lecciones del "Manual de teneduría de libros por partida doble"... /
Mención de responsabilidad, etc. escrito por Felipe Salvador y Aznar.
260 ## - PUBLICACIÓN, DISTRIBUCIÓN, ETC.
Lugar de publicación, distribución, etc. Madrid :
Nombre del editor, distribuidor, etc. [s.n.],
Fecha de publicación, distribución, etc. 1867 (
Fabricante Imp. de Miguel Ginesta)
300 ## - DESCRIPCIÓN FÍSICA
Extensión 99 p. ;
Dimensiones 23 cm.
650 #4 - PUNTO DE ACCESO ADICIONAL DE MATERIA--TÉRMINO DE MATERIA
Término de materia o nombre geográfico como elemento de entrada Contabilidad-
Subdivisión de forma Problemas.
9 (RLIN) 166393
852 4# - LOCALIZACIÓN
Ubicación ES-MaACL
Número de control de estantería T-119-F-6
Nota libre - Enc. hol.
-- - Enc. en un vol. facticio
-- - Dedicatoria autógrafa del autor
Holdings
Estatus retirado Estado de pérdida Estado de daño No para préstamo Colección Biblioteca de origen Biblioteca actual Ubicación en estantería Fecha de adquisición Total de préstamos Signatura topográfica completa Código de barras Visto por última vez Precio de reemplazo Tipo de ítem Koha
        Colección de folletos Biblioteca del Ateneo de Madrid Biblioteca del Ateneo de Madrid Depósito folletos 17/01/2008   T-119-F-6 1172424 23/02/2023 23/02/2023 Folleto